000 00507nam a2200181Ia 4500
999 _c33753
_d33753
003 OSt
005 20200826102407.0
008 190216s9999||||xx |||||||||||||| ||und||
020 _a8175560045
040 _coclc
082 _a530
_bGUP/V
100 _aGupta, R C
_93117
245 0 _aViva Voce In Advanced Physics /
_cR C Gupta ; P N Saxena
260 _bPragathi Prakashan,
_c1996.
_aMeerut:
300 _a368p
650 _aPhysics
942 _cBK
_2ddc
_h530
_iGUP/V
_k530
_mGUP/V